[Event "ROM-chT"]
[Site "Mamaia"]
[Date "2019.09.27"]
[Round "7.1"]
[White "Toma Andreica, Alin"]
[Black "Anton, Teodor"]
[Result "0-1"]
[WhiteElo "2163"]
[BlackElo "2445"]
[PlyCount "86"]
[EventDate "2019.09.21"]
[EventType "team-tourn"]
[EventRounds "9"]
[EventCountry "ROU"]
[SourceTitle "EXT 2020"]
[Source "ChessBase"]
[SourceDate "2019.10.17"]
[SourceVersion "1"]
[SourceVersionDate "2019.10.17"]
[SourceQuality "1"]
[WhiteTeam "Cluj Napoca"]
[BlackTeam "Timisoara Medicina"]
[WhiteTeamCountry "ROU"]
[BlackTeamCountry "ROU"]

1. e4 g6 2. d4 Bg7 3. Nc3 d6 4. f4 Nf6 5. e5 Nfd7 6. Nf3 0-0 7. Be3 c5 8. exd6 exd6 9. Qd2 Nc6 10. 0-0-0 Qa5 11. Kb1 a6 12. Nd5 Qxd2 13. Rxd2 cxd4 14. Bxd4 Nxd4 15. Nxd4 Nc5 16. c3 Be6 17. Bc4 b5 18. Bb3 Nxb3 19. Nxb3 Ra7 20. Nb4 Bf5+ 21. Ka1 a5 22. Nc6 Rc7 23. Nbd4 Be4 24. Nxa5 Ra8 25. Nab3 b4 26. cxb4 Rc4 27. Rhd1 Rxb4 28. Nc1 h5 29. g3 Rc8 30. Nce2 Rcc4 31. a3 Rb8 32. Nc3 d5 33. Ndb5 Bf6 34. Nxd5 Bxd5 35. Rxd5 Rc2 36. Rb1 Rxh2 37. Ka2 Rg2 38. a4 Ra8 39. Na3 Rxa4 40. Rd3 Rb4 41. Rb3 Rxb3 42. Kxb3 Rxg3+ 43. Ka2 Rg2 0-1

[Event "ROM-ch"]
[Site "Olanesti"]
[Date "2019.03.06"]
[Round "5"]
[White "Paraschiv, Paul Alexandru"]
[Black "Toma Andreica, Alin"]
[Result "0-1"]
[WhiteElo "2004"]
[BlackElo "2157"]
[PlyCount "72"]
[EventDate "2019.03.02"]
[EventType "swiss"]
[EventRounds "9"]
[EventCountry "ROU"]
[SourceTitle "CBM 189 Extra"]
[Source "ChessBase"]
[SourceDate "2019.06.03"]
[SourceVersion "1"]
[SourceVersionDate "2019.06.03"]
[SourceQuality "1"]

1. e4 e5 2. Nf3 Nc6 3. Bc4 Nf6 4. d3 Bc5 5. 0-0 d6 6. c3 0-0 7. Bg5 h6 8. Bh4 Be6 9. Bxe6 fxe6 10. d4 exd4 11. cxd4 Bb6 12. Nc3 Qe8 13. e5 dxe5 14. dxe5 Nh5 15. Qd3 Nf4 16. Qe4 Qh5 17. Bg3 Ng6 18. Rad1 Rf7 19. b4 a6 20. a4 Raf8 21. b5 axb5 22. axb5 Nce7 23. Rd7 Nf5 24. Rxf7 Rxf7 25. Ne2 Nfe7 26. Qxb7 Qg4 27. Qa8+ Rf8 28. Qa2 Nd5 29. Rc1 Rxf3 30. gxf3 Qxf3 31. Ra1 Kh7 32. Rf1 h5 33. h4 Nc3 34. Nxc3 Qxg3+ 35. Kh1 Qh3+ 36. Kg1 Nxh4 0-1

[Event "ROM-ch"]
[Site "Olanesti"]
[Date "2019.03.04"]
[Round "3"]
[White "Daianu, Cristian Clement"]
[Black "Toma Andreica, Alin"]
[Result "1/2-1/2"]
[WhiteElo "2157"]
[BlackElo "2157"]
[PlyCount "51"]
[EventDate "2019.03.02"]
[EventType "swiss"]
[EventRounds "9"]
[EventCountry "ROU"]
[SourceTitle "CBM 189 Extra"]
[Source "ChessBase"]
[SourceDate "2019.06.03"]
[SourceVersion "1"]
[SourceVersionDate "2019.06.03"]
[SourceQuality "1"]

1. e4 c5 2. Nf3 e6 3. d4 cxd4 4. Nxd4 a6 5. c4 Nf6 6. Nc3 Bb4 7. Bd3 Nc6 8. Nc2 Bc5 9. 0-0 d5 10. exd5 exd5 11. Re1+ Be6 12. Bg5 dxc4 13. Bxc4 0-0 14. Qxd8 Nxd8 15. Bxe6 Nxe6 16. Bxf6 gxf6 17. Ne4 Rfc8 18. Ne3 Kg7 19. Rad1 Kg6 20. Nd5 f5 21. Nxc5 Rxc5 22. Nc3 Rac8 23. g3 f4 24. Nd5 Kg7 25. gxf4 Rd8 26. Nc3 1/2-1/2

[Event "Romanian op"]
[Site "Alba Iulia"]
[Date "2017.11.21"]
[Round "2"]
[White "Toma Andreica, Alin"]
[Black "Costachi, Mihnea"]
[Result "1/2-1/2"]
[WhiteElo "2192"]
[BlackElo "2433"]
[PlyCount "41"]
[EventDate "2017.11.20"]
[EventType "swiss"]
[EventRounds "9"]
[EventCountry "ROU"]
[SourceTitle "CBM 181 Extra"]
[Source "ChessBase"]
[SourceDate "2017.12.12"]
[SourceVersion "1"]
[SourceVersionDate "2017.12.12"]
[SourceQuality "1"]

1. e4 e5 2. d3 Nc6 3. f4 exf4 4. Bxf4 Qf6 5. Bc1 Bc5 6. Nf3 d6 7. c3 Bb6 8. d4 Qe7 9. Bd3 Nf6 10. Bg5 h6 11. Bxf6 Qxf6 12. 0-0 Bg4 13. Kh1 Qe7 14. Nbd2 0-0 15. Qe1 f5 16. Qg3 Qd7 17. Nh4 f4 18. Rxf4 Rxf4 19. Qxf4 g5 20. Qf6 Qg7 21. Qxg7+ 1/2-1/2

[Event "Arad op 10th"]
[Site "Arad"]
[Date "2017.08.07"]
[Round "2"]
[White "Toma Andreica, Alin"]
[Black "Nevednichy, Vladislav"]
[Result "1/2-1/2"]
[WhiteElo "2189"]
[BlackElo "2525"]
[PlyCount "155"]
[EventDate "2017.08.06"]
[EventType "swiss"]
[EventRounds "9"]
[EventCountry "ROU"]
[SourceTitle "CBM 179 Extra"]
[Source "ChessBase"]
[SourceDate "2017.08.23"]
[SourceVersion "1"]
[SourceVersionDate "2017.08.23"]
[SourceQuality "1"]

1. e4 c6 2. Nc3 d5 3. Nf3 Bg4 4. h3 Bxf3 5. Qxf3 e6 6. exd5 cxd5 7. Bb5+ Nc6 8. 0-0 Nf6 9. Re1 Bd6 10. d4 0-0 11. Bxc6 bxc6 12. Bg5 c5 13. Bxf6 Qxf6 14. Qxf6 gxf6 15. Nb5 Be7 16. c4 a6 17. Nc3 cxd4 18. Nxd5 exd5 19. Rxe7 dxc4 20. Re4 Rfd8 21. Rd1 Rab8 22. Rexd4 Rxd4 23. Rxd4 Rxb2 24. Rxc4 Rxa2 25. Rc8+ Kg7 26. Ra8 a5 27. g3 f5 28. Ra6 h5 29. Kg2 Ra3 30. h4 f4 31. gxf4 Ra1 32. Kh2 Ra4 33. Kg3 f6 34. f3 Kg6 35. Ra8 Ra1 36. Rg8+ Kh7 37. Ra8 a4 38. f5 a3 39. Kg2 Kg7 40. Ra7+ Kf8 41. Ra6 Ke7 42. Re6+ Kf7 43. Ra6 a2 44. Ra7+ Ke8 45. Ra6 Ke7 46. Ra8 Kd6 47. Ra5 Kc6 48. Ra8 Kd5 49. Ra4 Kc5 50. Ra8 Kd4 51. Ra5 Ke3 52. Ra3+ Kd2 53. Ra8 Kc3 54. Rc8+ Kd4 55. Ra8 Ke5 56. Ra5+ Kf4 57. Ra4+ Ke3 58. Ra3+ Kd4 59. Ra8 Ke5 60. Ra5+ Kf4 61. Ra4+ Kxf5 62. Ra5+ Kf4 63. Ra4+ Ke3 64. Ra3+ Kd4 65. Ra8 f5 66. Rd8+ Ke3 67. Re8+ Kf4 68. Ra8 Ke5 69. Re8+ Kd5 70. Rd8+ Kc6 71. Ra8 f4 72. Ra4 Kc5 73. Ra8 Kb6 74. Ra4 Kc5 75. Ra8 Kd5 76. Ra4 Rc1 77. Rxa2 Kd4 78. Re2 1/2-1/2

[Event "ROM-ch"]
[Site "Calimanesti Caciulata"]
[Date "2017.04.02"]
[Round "9"]
[White "Toma Andreica, Alin"]
[Black "Stanciu, Alexandru Ovidiu"]
[Result "1/2-1/2"]
[WhiteElo "2199"]
[BlackElo "2285"]
[PlyCount "125"]
[EventDate "2017.03.25"]
[EventType "swiss"]
[EventRounds "9"]
[EventCountry "ROU"]
[SourceTitle "CBM 177 Extra"]
[Source "ChessBase"]
[SourceDate "2017.04.27"]
[SourceVersion "1"]
[SourceVersionDate "2017.04.27"]
[SourceQuality "1"]

1. e4 c5 2. Nf3 Nc6 3. c4 g6 4. Nc3 Bg7 5. Be2 e6 6. Nb5 d6 7. d4 a6 8. d5 axb5 9. dxc6 bxc4 10. cxb7 Bxb7 11. Bxc4 Qa5+ 12. Bd2 Qb6 13. Qe2 Ne7 14. 0-0 0-0 15. Bc3 Bxc3 16. bxc3 Qc6 17. Rfe1 Ba6 18. Bxa6 Rxa6 19. Qd2 f6 20. h4 Kg7 21. Rab1 Rfa8 22. Rb2 R8a7 23. Nh2 Rb7 24. Rxb7 Qxb7 25. Ng4 Ng8 26. Qd3 Qc6 27. Rd1 c4 28. Qd4 e5 29. Qd5 Qxd5 30. Rxd5 Ne7 31. Rb5 f5 32. Rb7 Kf7 33. exf5 gxf5 34. Ne3 Ke6 35. Nxc4 Rxa2 36. Rb6 Ra1+ 37. Kh2 Rd1 38. h5 f4 39. g3 h6 40. Kg2 fxg3 41. fxg3 Rd3 42. Kf2 Ng8 43. Ke2 Rd5 44. Ne3 Rc5 45. c4 Nf6 46. g4 Ra5 47. Nf5 Ra2+ 48. Ke1 Ra1+ 49. Ke2 Ra2+ 50. Ke1 Nxg4 51. Nxd6 Ne3 52. Nb5+ Kf5 53. c5 Rc2 54. Rxh6 Rxc5 55. Nd6+ Kg4 56. Rh8 Ng2+ 57. Ke2 Nf4+ 58. Ke3 Nxh5 59. Rg8+ Kh3 60. Ne4 Ra5 61. Nf2+ Kh2 62. Rh8 e4 63. Rg8 1/2-1/2

[Event "ROM-ch"]
[Site "Calimanesti Caciulata"]
[Date "2017.03.29"]
[Round "5"]
[White "Toma Andreica, Alin"]
[Black "Fluerariu, Radu Cristian"]
[Result "1/2-1/2"]
[WhiteElo "2199"]
[BlackElo "2030"]
[PlyCount "71"]
[EventDate "2017.03.25"]
[EventType "swiss"]
[EventRounds "9"]
[EventCountry "ROU"]
[SourceTitle "CBM 177 Extra"]
[Source "ChessBase"]
[SourceDate "2017.04.27"]
[SourceVersion "1"]
[SourceVersionDate "2017.04.27"]
[SourceQuality "1"]

1. e4 e6 2. g3 d5 3. Bg2 Nf6 4. e5 Nfd7 5. d4 c5 6. c3 Nc6 7. Ne2 Qc7 8. 0-0 b6 9. c4 dxc4 10. d5 exd5 11. Qxd5 Ndxe5 12. Bf4 Rb8 13. Qxc6+ Qxc6 14. Bxc6+ Nxc6 15. Bxb8 Nxb8 16. Nd2 Be7 17. Nxc4 0-0 18. Nf4 Bb7 19. Rad1 Bf6 20. Nd5 Bd4 21. Ne7+ Kh8 22. Nf5 Nc6 23. Rfe1 b5 24. Ncd6 Ba8 25. Nxb5 Bxb2 26. Nfd6 Nd8 27. Rd2 Bf6 28. Ne8 Bc6 29. Nxf6 gxf6 30. Nc7 Nb7 31. Nd5 Rd8 32. Red1 Ba4 33. Rb1 Bc6 34. Rbd1 Ba4 35. Rb1 Bc6 36. Rbd1 1/2-1/2

[Event "ROM-ch"]
[Site "Calimanesti Caciulata"]
[Date "2017.03.28"]
[Round "4"]
[White "Costachi, Mihnea"]
[Black "Toma Andreica, Alin"]
[Result "1-0"]
[WhiteElo "2460"]
[BlackElo "2199"]
[PlyCount "49"]
[EventDate "2017.03.25"]
[EventType "swiss"]
[EventRounds "9"]
[EventCountry "ROU"]
[SourceTitle "CBM 177 Extra"]
[Source "ChessBase"]
[SourceDate "2017.04.27"]
[SourceVersion "1"]
[SourceVersionDate "2017.04.27"]
[SourceQuality "1"]

1. d4 d5 2. c4 c6 3. cxd5 cxd5 4. Bg5 h6 5. Bh4 Qb6 6. Nc3 e6 7. Qd2 Nc6 8. e3 Bd7 9. Bd3 Rc8 10. Nf3 Nf6 11. 0-0 Bd6 12. Rac1 Na5 13. Ne5 Nc4 14. Bxc4 dxc4 15. f4 Nd5 16. Nxd5 exd5 17. f5 Bxe5 18. dxe5 0-0 19. Be7 Rfe8 20. f6 g6 21. Kh1 Kh7 22. Rf4 Bf5 23. Qxd5 Qe6 24. e4 Bg4 25. Rxg4 1-0

[Event "ROM-chT2"]
[Site "Olanesti"]
[Date "2013.10.17"]
[Round "6.3"]
[White "Toma Andreica, Alin"]
[Black "Florescu, Codrut Constantin"]
[Result "1/2-1/2"]
[WhiteElo "2225"]
[BlackElo "2196"]
[PlyCount "95"]
[EventDate "2013.10.12"]
[EventType "team-tourn"]
[EventRounds "9"]
[EventCountry "ROU"]
[SourceTitle "EXT 2014"]
[Source "ChessBase"]
[SourceDate "2013.11.20"]
[SourceVersion "1"]
[SourceVersionDate "2013.11.20"]
[SourceQuality "1"]
[WhiteTeam "Cluj Napoca"]
[BlackTeam "Deva"]
[WhiteTeamCountry "ROU"]
[BlackTeamCountry "ROU"]

1. e4 c6 2. Nf3 d5 3. exd5 cxd5 4. Ne5 Nf6 5. d4 g6 6. Bd3 Bg7 7. Nd2 0-0 8. 0-0 Nc6 9. Nxc6 bxc6 10. Nb3 e5 11. dxe5 Ng4 12. Be2 Nxe5 13. Be3 Qh4 14. Bd4 Re8 15. c3 h5 16. Nd2 Bg4 17. f3 Bf5 18. Bf2 Qg5 19. Nb3 Nc4 20. Bxc4 dxc4 21. Nd4 Bd3 22. Re1 c5 23. Nb3 Rxe1+ 24. Bxe1 Rb8 25. Bf2 Qd5 26. Nxc5 Rxb2 27. Qe1 Rxf2 28. Nxd3 Rc2 29. Nf4 Qc5+ 30. Kh1 Be5 31. Qe4 Rxc3 32. Nd5 Rd3 33. Qxe5 Qxd5 34. Qxd5 Rxd5 35. Rc1 Kf8 36. Kg1 Rc5 37. Re1 Kg7 38. Kf2 Kf6 39. Re2 h4 40. g3 h3 41. f4 c3 42. Rc2 Ke6 43. Ke3 Kd5 44. Kd3 f5 45. Rxc3 Rxc3+ 46. Kxc3 Ke4 47. Kc4 Kf3 48. Kd3 1/2-1/2

[Event "ROM-chT2"]
[Site "Olanesti"]
[Date "2013.10.12"]
[Round "1.3"]
[White "Bogdan, Dan"]
[Black "Toma Andreica, Alin"]
[Result "1/2-1/2"]
[WhiteElo "2367"]
[BlackElo "2225"]
[PlyCount "101"]
[EventDate "2013.10.12"]
[EventType "team-tourn"]
[EventRounds "9"]
[EventCountry "ROU"]
[SourceTitle "EXT 2014"]
[Source "ChessBase"]
[SourceDate "2013.11.20"]
[SourceVersion "1"]
[SourceVersionDate "2013.11.20"]
[SourceQuality "1"]
[WhiteTeam "Timis Sinandrei"]
[BlackTeam "Cluj Napoca"]
[WhiteTeamCountry "ROU"]
[BlackTeamCountry "ROU"]

1. c4 e5 2. Nc3 Nf6 3. g3 d5 4. cxd5 Nxd5 5. Bg2 Nb6 6. Nf3 Nc6 7. 0-0 Be7 8. d3 Be6 9. Be3 Nd5 10. Bd2 0-0 11. Na4 f5 12. Rc1 e4 13. Ne1 Nf6 14. Nc3 Bb4 15. dxe4 Bxc3 16. Bxc3 Qxd1 17. Rxd1 Nxe4 18. Bxe4 fxe4 19. b3 Bg4 20. Rd2 Rad8 21. Rc2 Nd4 22. Bxd4 Rxd4 23. Ng2 c6 24. Ne3 Be6 25. Rd1 Rfd8 26. Rxd4 Rxd4 27. Kf1 a5 28. Ke1 a4 29. Nc4 Bxc4 30. Rxc4 Rxc4 31. bxc4 b5 32. cxb5 cxb5 33. Kd2 b4 34. f3 Kf7 35. fxe4 Ke6 36. Kd3 Ke5 37. Kc4 b3 38. axb3 axb3 39. Kxb3 Kxe4 40. Kc2 Ke3 41. Kd1 g5 42. Ke1 g4 43. Kf1 Ke4 44. Kf2 Kd4 45. Kf1 Ke4 46. Kf2 Kd4 47. Ke1 Ke3 48. Kd1 Ke4 49. Kd2 Kd4 50. Kd1 Ke4 51. Kd2 1/2-1/2

[Event "ROM-chTA"]
[Site "Olanesti"]
[Date "2012.10.06"]
[Round "1.1"]
[White "Toma Andreica, Alin"]
[Black "Georgescu, Tiberiu Marian"]
[Result "0-1"]
[WhiteElo "2229"]
[BlackElo "2391"]
[PlyCount "88"]
[EventDate "2012.10.06"]
[EventType "team-tourn"]
[EventRounds "9"]
[EventCountry "ROU"]
[SourceTitle "CBM 150 Extra"]
[Source "ChessBase"]
[SourceDate "2012.10.19"]
[SourceVersion "1"]
[SourceVersionDate "2012.10.19"]
[SourceQuality "1"]
[WhiteTeam "Turda"]
[BlackTeam "Otopeni"]
[WhiteTeamCountry "ROU"]
[BlackTeamCountry "ROU"]

1. e4 c6 2. Nf3 d5 3. exd5 cxd5 4. Ne5 Nf6 5. d4 g6 6. c4 Bg7 7. Nc3 0-0 8. Be3 Nc6 9. Be2 dxc4 10. Nxc6 bxc6 11. Bf3 Nd5 12. Qa4 Rb8 13. Qxc4 Nb4 14. 0-0 Ba6 15. Qc5 Bxf1 16. Rxf1 Nc2 17. Rd1 Nxe3 18. fxe3 Rxb2 19. Qxc6 e6 20. Na4 Rxa2 21. Qc4 Ra3 22. e4 Qg5 23. Kh1 Rd8 24. Nc5 Rxf3 25. gxf3 Qe3 26. Rd3 Qe2 27. Qc1 Bxd4 28. Qd1 Qxd1+ 29. Rxd1 Bf6 30. Rb1 Be7 31. Na6 Rd7 32. Rc1 Kg7 33. Rc4 Rd1+ 34. Kg2 Bd6 35. Nc7 Rd2+ 36. Kf1 Bxc7 37. Rxc7 Ra2 38. e5 g5 39. h3 a5 40. Kg1 a4 41. Ra7 a3 42. Ra4 Kg6 43. Ra7 h6 44. Kf1 Kf5 0-1

[Event "ROM-chT Div-A"]
[Site "Slanic Moldova"]
[Date "2011.10.04"]
[Round "3"]
[White "Andronescu, Madalin"]
[Black "Toma Andreica, Alin"]
[Result "1/2-1/2"]
[WhiteElo "2117"]
[BlackElo "2224"]
[PlyCount "75"]
[EventDate "2011.10.03"]
[EventType "team-tourn"]
[EventRounds "9"]
[EventCountry "ROU"]
[SourceTitle "CBM 144 Extra"]
[Source "ChessBase"]
[SourceDate "2011.10.28"]
[SourceVersion "1"]
[SourceVersionDate "2011.10.28"]
[SourceQuality "1"]

1. d4 Nf6 2. c4 g6 3. Nc3 Bg7 4. e4 d6 5. f3 c6 6. Be3 a6 7. Qd2 b5 8. g4 h5 9. g5 Nfd7 10. f4 bxc4 11. Bxc4 d5 12. Nxd5 cxd5 13. Bxd5 Ra7 14. Bb3 a5 15. Rc1 a4 16. Bd1 a3 17. b4 0-0 18. Nf3 Rc7 19. 0-0 Ba6 20. Re1 Nb6 21. Bb3 Nc4 22. Bxc4 Rxc4 23. Rxc4 Bxc4 24. Rc1 Bb5 25. Qc3 Nd7 26. Qxa3 Qa8 27. Qxa8 Rxa8 28. Rc7 Ra3 29. Kf2 Rxa2+ 30. Kg3 Ra1 31. Kf2 Ra2+ 32. Kg3 Re2 33. Bf2 h4+ 34. Nxh4 Rxe4 35. Rb7 Bc6 36. Rc7 Ba4 37. Ra7 Bb5 38. Rb7 1/2-1/2

[Event "ROM-chT Div-A"]
[Site "Slanic Moldova"]
[Date "2011.10.03"]
[Round "1"]
[White "Dicu, Razvan Stefan"]
[Black "Toma Andreica, Alin"]
[Result "1/2-1/2"]
[WhiteElo "2161"]
[BlackElo "2224"]
[PlyCount "28"]
[EventDate "2011.10.03"]
[EventType "team-tourn"]
[EventRounds "9"]
[EventCountry "ROU"]
[SourceTitle "CBM 144 Extra"]
[Source "ChessBase"]
[SourceDate "2011.10.28"]
[SourceVersion "1"]
[SourceVersionDate "2011.10.28"]
[SourceQuality "1"]

1. e4 c5 2. Nf3 e6 3. d4 cxd4 4. Nxd4 a6 5. c4 Nf6 6. Nc3 Bb4 7. Bd3 Nc6 8. Nc2 Be7 9. 0-0 d5 10. exd5 exd5 11. cxd5 Nxd5 12. Nxd5 Qxd5 13. Re1 Qd7 14. Bc4 Qxd1 1/2-1/2

[Event "ROM-ch"]
[Site "Predeal"]
[Date "2006.12.01"]
[Round "5"]
[White "Toma Andreica, Alin"]
[Black "Sfarlog, Tudor Vlad"]
[Result "0-1"]
[WhiteElo "2256"]
[BlackElo "2161"]
[PlyCount "54"]
[EventDate "2006.11.27"]
[EventType "swiss"]
[EventRounds "11"]
[EventCountry "ROU"]
[SourceTitle "CBM 115 Extra"]
[Source "ChessBase"]
[SourceDate "2007.01.10"]
[SourceVersion "1"]
[SourceVersionDate "2007.01.10"]
[SourceQuality "1"]

1. e4 g6 2. d4 Bg7 3. Nc3 d6 4. f4 Nf6 5. e5 Nfd7 6. Nf3 c5 7. exd6 0-0 8. Be3 exd6 9. Qd2 Nc6 10. 0-0-0 Qa5 11. Kb1 Nf6 12. h3 Re8 13. Nb5 Qxd2 14. Bxd2 Rd8 15. Be3 Nd5 16. Bf2 Bf5 17. dxc5 dxc5 18. Bc4 Ncb4 19. Kc1 a6 20. Nd6 Rxd6 21. a3 b5 22. Bxc5 Rdd8 23. Bb3 Bxc2 24. Bxd5 Nxd5 25. Kxc2 Rac8 26. Rxd5 Rxd5 27. b4 Bf8 0-1

[Event "ROM-ch"]
[Site "Predeal"]
[Date "2006.11.30"]
[Round "4"]
[White "Szabo, Gergely Andras"]
[Black "Toma Andreica, Alin"]
[Result "1-0"]
[WhiteElo "2465"]
[BlackElo "2256"]
[PlyCount "39"]
[EventDate "2006.11.27"]
[EventType "swiss"]
[EventRounds "11"]
[EventCountry "ROU"]
[SourceTitle "CBM 115 Extra"]
[Source "ChessBase"]
[SourceDate "2007.01.10"]
[SourceVersion "1"]
[SourceVersionDate "2007.01.10"]
[SourceQuality "1"]

1. e4 c5 2. Nf3 e6 3. d4 cxd4 4. Nxd4 Nf6 5. Nc3 Bb4 6. e5 Nd5 7. Bd2 Nxc3 8. bxc3 Be7 9. Qg4 g6 10. h4 d6 11. h5 dxe5 12. Bb5+ Bd7 13. hxg6 fxg6 14. Nxe6 Qc8 15. Qxg6+ hxg6 16. Rxh8+ Kf7 17. Rxc8 Bxe6 18. Rc7 Na6 19. Bxa6 bxa6 20. Bg5 1-0

[Event "ROM-ch"]
[Site "Predeal"]
[Date "2006.11.28"]
[Round "2"]
[White "Toma Andreica, Alin"]
[Black "Itkis, Boris"]
[Result "0-1"]
[WhiteElo "2256"]
[BlackElo "2447"]
[PlyCount "104"]
[EventDate "2006.11.27"]
[EventType "swiss"]
[EventRounds "11"]
[EventCountry "ROU"]
[SourceTitle "CBM 115 Extra"]
[Source "ChessBase"]
[SourceDate "2007.01.10"]
[SourceVersion "1"]
[SourceVersionDate "2007.01.10"]
[SourceQuality "1"]

1. e4 c5 2. d3 Nc6 3. g3 g6 4. Bg2 Bg7 5. f4 d6 6. Nf3 e6 7. 0-0 Nge7 8. c3 0-0 9. Be3 b6 10. Bf2 e5 11. Na3 h6 12. Nc2 exf4 13. gxf4 d5 14. Qd2 dxe4 15. dxe4 Qxd2 16. Nxd2 Ba6 17. Rfe1 Rad8 18. Rad1 Rd7 19. Ne3 Rfd8 20. Nf3 Rxd1 21. Rxd1 Rxd1+ 22. Nxd1 f5 23. exf5 Nxf5 24. Ne3 Nfe7 25. Nd2 Bc8 26. Be4 Be6 27. a3 Kf7 28. Ndc4 Ke8 29. f5 gxf5 30. Nd6+ Kd7 31. Ndxf5 Nxf5 32. Nxf5 Bf6 33. Nxh6 Bg5 34. Nf5 Bc1 35. b4 Bxa3 36. bxc5 Bxc5 37. Nd4 Nxd4 38. cxd4 Bd6 39. h4 Bg4 40. Be3 a5 41. Bg6 a4 42. d5 Bc5 43. Bxc5 bxc5 44. Kf2 Kd6 45. Bc2 a3 46. Bb3 Bh5 47. Ke3 Bf7 48. h5 Bxh5 49. Ba2 Bf7 50. Ke4 Bg8 51. Bc4 Bh7+ 52. Ke3 Bb1 0-1

[Event "ROM-chT"]
[Site "Baile Tusnad"]
[Date "2005.05.28"]
[Round "8"]
[White "Manole, Vasile"]
[Black "Toma Andreica, Alin"]
[Result "1/2-1/2"]
[WhiteElo "2372"]
[BlackElo "2249"]
[PlyCount "30"]
[EventDate "2005.05.21"]
[EventType "team"]
[EventRounds "9"]
[EventCountry "ROU"]
[SourceTitle "CBM 106 Extra"]
[Source "ChessBase"]
[SourceDate "2005.07.01"]
[SourceVersion "1"]
[SourceVersionDate "2005.07.01"]
[SourceQuality "1"]

1. e4 c5 2. Nc3 e6 3. f4 d5 4. Nf3 dxe4 5. Nxe4 Nf6 6. Bb5+ Bd7 7. Bxd7+ Nbxd7 8. d3 Be7 9. 0-0 0-0 10. Qe2 Qc7 11. c4 Rad8 12. Bd2 Nb8 13. Bc3 Nxe4 14. Qxe4 Na6 15. Rad1 h6 1/2-1/2